Statistics for Mortal Kombat Gaming Franchise

Click here to take the quiz!

General Stats

  • This quiz has been taken 39 times
  • The average score is 11 of 14

Answer Stats

HintGame% Correct
Seven martial artists from Earth must battle in sorcerer Shang Tsung's super secret tournament.Mortal Kombat (1992)
100%
A reboot of the Mortal Kombat franchise with a retcon to the earliest periods in the series, featuring a multitude of game modes.Mortal Kombat (2011)
100%
Sindel is reincarnated in Earthrealm, and billions of their souls are being stripped as it becomes a part of Outworld. Shao Kahn unleashes squads to kill any Earthrealm survivors, so Raiden's chosen warriors are send in to repel Shao Kahn.Mortal Kombat 3
94%
When emperor Shao Kahn invokes a Mortal Kombat tournament rematch, Raiden gathers his Earthrealm warriors and takes them into Outworld.Mortal Kombat II
94%
Two years after the death of Shao Khan, the heroes of Earthrealm must face their fallen comrades and prevent Shinnok from corrupting the Jinsei, the source of Earthrealm's life-force.Mortal Kombat X
94%
When a time lord starts merging past with the present, versions of heroes from both Mortal Kombat timelines must unite to right past wrongs and save the world.Mortal Kombat 11
91%
Corrupted Elder God Shinnok attacks his former comrades who trapped him in the Netherrealm years before the 1992 tournament. When Quan Chi allies with Shinnok, Earthrealm's warriors take part in the battle between good and evil.Mortal Kombat 4
91%
The fury of Mortal Kombat has brought the realms to the brink of total destruction. Every warrior has been summoned to a last epic battle, where survival depends on their ability to fight.Mortal Kombat: Armageddon
75%
The world of Justice League and the Netherealm collide following the merge between Darkseid and Shao Kahn, ultimately forming Dark Kahn. Heroes are haunted by a mysterious force called Rage, forgetting who the true enemy is.Mortal Kombat vs. DC Universe
72%
Two powerful sorcerers, Shang Tsung and Quan Chi, have joined forces to achieve the supreme goal: immortality.Mortal Kombat: Deadly Alliance
69%
An ancient evil has returned form beyond death and threatens the very existence of the realms. Will the Champion of the Elder Gods have the power to defeat this threat borne of deception?Mortal Kombat: Deception
69%
The story of mortal kombat fighter, a ninja who accidently gives a spiritual amulet to evil sorcerer Quan chi.Mortal Kombat Mythologies: Sub-Zero
63%
Two members of the Shaolin Order, Liu Kang and Kung Lao, travel through the realms in an attempt to thwart Shang Tsung's plans to dominate Earthrealm.Mortal Kombat: Shaolin Monks
63%
Major Jax, seeking revenge for the slaughter of his Special Forces comrades at the hands of the Black Dragon, undertakes a mission to stop them from retrieving an artifact of great power, the Eye of Chitian.Mortal Kombat: Special Forces
63%

Score Distribution

Percentile by Number Answered

Percent of People with Each Score

Your Score History

You have not taken this quiz